| 000 | 00637nam a2200169 i 4500 | ||
|---|---|---|---|
| 001 | 63831 | ||
| 003 | ES-MaACL | ||
| 005 | 20230906164959.0 | ||
| 007 | t| | ||
| 008 | 031217s1902 sp ||||1| spa d | ||
| 100 | 1 |
_aRomanones, Álvaro de Figueroa y Torres, _cConde de, _d1863-1950 _999264 |
|
| 245 | 1 | 0 |
_aDiscurso leído en la Universidad de Salamanca en la inauguración del curso académico de 1902 á 1903 / _cpor el Ministro de Instrucción Pública y Bellas Artes Excmo. Sr. Conde de Romanones. |
| 260 |
_aMadrid : _b[s.n.], _c1902. |
||
| 300 |
_a49 p. ; _c27 cm. |
||
| 852 |
_aES-MaACL _jT-1021-F-1 |
||
| 999 |
_c63831 _d63831 |
||